[Event "GLC Masters"]
[Site "London"]
[Date "1986.03.13"]
[Round "3"]
[White "McDonald, Neil R"]
[Black "Jacobs, Byron A"]
[Result "1-0"]
[WhiteElo "2320"]
[BlackElo "2295"]
[PlyCount "223"]
[EventDate "1986.03.11"]
[EventType "tourn"]
[EventRounds "15"]
[EventCountry "ENG"]
[EventCategory "3"]
[SourceTitle "BritBase"]
[Source "John Saunders"]
[SourceDate "2020.09.07"]
[SourceVersion "1"]
[SourceVersionDate "2020.09.07"]
[SourceQuality "2"]

1. Nf3 Nf6 2. g3 d5 3. Bg2 e6 4. O-O Be7 5. d3 c5 6. Nbd2 Nc6 7. e4 O-O 8. e5
Nd7 9. Re1 b5 10. Nf1 a5 11. Bf4 b4 12. h4 a4 13. a3 bxa3 14. bxa3 Ba6 15. N1h2
Rb8 16. Bh3 Rb2 17. Ng5 Nd4 18. c3 Nb3 19. Rb1 Rxb1 20. Qxb1 Bxg5 21. hxg5 Qa5
22. c4 dxc4 23. dxc4 Bxc4 24. Rd1 Nd4 25. Ng4 Rb8 26. Qa1 Bd5 27. Be3 Qc3 28.
Bxd4 cxd4 29. Bg2 Qxa1 30. Rxa1 Bb3 31. Kf1 d3 32. Ke1 Nc5 33. Rb1 Rd8 34. Kd2
Bc2 35. Rh1 Nb3+ 36. Kc3 Rc8+ 37. Kb2 Nd2 38. Ne3 Rb8+ 39. Kc3 Nb1+ 40. Kd4
Rd8+ 41. Kc5 Nxa3 42. Be4 d2 43. Nxc2 Nxc2 44. Bxh7+ Kf8 45. Bxc2 Rc8+ 46. Kd6
Rd8+ 47. Kc5 Rd5+ 48. Kb4 Rxe5 49. Bxa4 Ke7 50. Rd1 Re2 51. f4 Rg2 52. Kc5 f6
53. gxf6+ Kxf6 54. Bc6 Rxg3 55. Rxd2 g5 56. fxg5+ Rxg5+ 57. Kd6 e5 58. Be4 Rg4
59. Kd5 Rg1 60. Rf2+ Ke7 61. Kxe5 Re1 62. Ra2 Kd7 63. Ra7+ Ke8 64. Kd4 Kf8 65.
Bd5 Re7 66. Ra6 Re1 67. Kc5 Kg7 68. Ra8 Kf6 69. Rg8 Kf5 70. Rf8+ Kg5 71. Kd4
Ra1 72. Ke5 Ra5 73. Rg8+ Kh5 74. Ke4 Kh6 75. Rd8 Kg5 76. Rg8+ Kh6 77. Be6 Rg5
78. Ra8 Rb5 79. Bc4 Rb4 80. Rc8 Kg5 81. Ke5 Kg4 82. Bd3 Kf3 83. Rc3 Rb8 84.
Bf5+ Ke2 85. Rc2+ Ke3 86. Rc3+ Kd2 87. Rd3+ Ke2 88. Rc3 Re8+ 89. Kf4 Rf8 90.
Rc2+ Kd1 91. Rh2 Kc1 92. Ke4 Rf7 93. Rf2 Rf6 94. Ke3 Rc6 95. Bd3 Re6+ 96. Kd4
Rd6+ 97. Kc3 Rc6+ 98. Bc4 Rd6 99. Rh2 Rd8 100. Rh5 Rd7 101. Ra5 Rb7 102. Rf5
Rd7 103. Rf8 Rd6 104. Bb5 Rd2 105. Rf1+ Rd1 106. Rf2 Rd8 107. Bc4 Rd7 108. Rg2
Rd8 109. Ra2 Kb1 110. Ra5 Rc8 111. Re5 Rd8 112. Re1+ 1-0

[Event "GLC Masters"]
[Site "London"]
[Date "1986.03.13"]
[Round "3"]
[White "Nicholson, John G"]
[Black "Orr, Mark JL"]
[Result "1/2-1/2"]
[WhiteElo "2320"]
[BlackElo "2330"]
[PlyCount "47"]
[EventDate "1986.03.11"]
[EventType "tourn"]
[EventRounds "15"]
[EventCountry "ENG"]
[EventCategory "3"]
[SourceTitle "BritBase"]
[Source "John Saunders"]
[SourceDate "2020.09.07"]
[SourceVersion "1"]
[SourceVersionDate "2020.09.07"]
[SourceQuality "2"]

1. e4 c6 2. d4 d5 3. Nd2 dxe4 4. Nxe4 Nd7 5. Nf3 Ngf6 6. Nxf6+ Nxf6 7. Ne5 Nd7
8. Nd3 g6 9. c3 Bg7 10. Bf4 Qa5 11. Qd2 O-O 12. Be2 e5 13. dxe5 Nxe5 14. Nxe5
Bxe5 15. Bg5 Re8 16. O-O Be6 17. Bf3 Qc7 18. h3 f6 19. Be3 Rad8 20. Qc2 b6 21.
Qa4 Bd5 22. Bxd5+ Rxd5 23. Rad1 Red8 24. Rxd5 1/2-1/2

[Event "GLC Masters"]
[Site "London"]
[Date "1986.03.14"]
[Round "4"]
[White "Arkell, Keith C"]
[Black "Carlier, Bruno"]
[Result "1/2-1/2"]
[WhiteElo "2375"]
[BlackElo "2315"]
[PlyCount "144"]
[EventDate "1986.03.11"]
[EventType "tourn"]
[EventRounds "15"]
[EventCountry "ENG"]
[EventCategory "3"]
[SourceTitle "BritBase"]
[Source "John Saunders"]
[SourceDate "2020.09.07"]
[SourceVersion "1"]
[SourceVersionDate "2020.09.07"]
[SourceQuality "2"]

1. d4 Nf6 2. Nf3 e6 3. Bf4 c5 4. c3 d5 5. Nbd2 Nc6 6. e3 Bd6 7. Ne5 Qc7 8. Nxc6
bxc6 9. Bxd6 Qxd6 10. Qa4 O-O 11. Qa3 Qb8 12. dxc5 e5 13. Be2 a5 14. O-O Bf5
15. c4 d4 16. exd4 exd4 17. Nf3 Rd8 18. Rad1 d3 19. Bxd3 Bxd3 20. Rxd3 Rxd3 21.
Qxd3 Qxb2 22. Rd1 h6 23. a3 Rb8 24. h3 a4 25. Re1 Rb3 26. Qd8+ Kh7 27. Qd4 Qxd4
28. Nxd4 Rxa3 29. Nxc6 Nd7 30. Re7 Nxc5 31. Rxf7 Rc3 32. Ne5 a3 33. Ra7 Nd3 34.
Nxd3 Rxd3 35. Kh2 Rc3 36. c5 Rxc5 37. Rxa3 h5 38. Kg3 Kh6 39. Kf4 g6 40. Ke4
Rc2 41. Ke3 Rb2 42. g3 Rb4 43. f4 Kg7 44. Kf3 Rc4 45. g4 hxg4+ 46. hxg4 Rb4 47.
Ra7+ Kf8 48. Kg3 Rc4 49. Rd7 Ra4 50. Kf3 Rb4 51. Rd5 Kf7 52. Rc5 Ra4 53. Ke3
Rb4 54. Rc7+ Kf6 55. Kf3 Rb3+ 56. Ke4 Rb4+ 57. Kf3 Rb3+ 58. Kf2 Ra3 59. Rd7 Rb3
60. Rd5 Ra3 61. Re5 Rb3 62. Re3 Rb4 63. Kg3 Ra4 64. Rb3 Rc4 65. Rb7 Rc3+ 66.
Kh4 g5+ 67. fxg5+ Kg6 68. Rb6+ Kg7 69. Rd6 Ra3 70. g6 Kh6 71. g5+ Kg7 72. Kg4
Ra1 1/2-1/2

[Event "GLC Masters"]
[Site "London"]
[Date "1986.03.14"]
[Round "4"]
[White "Carton, Patrick"]
[Black "Lalic, Susan Kathryn"]
[Result "1/2-1/2"]
[WhiteElo "2295"]
[BlackElo "2220"]
[PlyCount "121"]
[EventDate "1986.03.11"]
[EventType "tourn"]
[EventRounds "15"]
[EventCountry "ENG"]
[EventCategory "3"]
[SourceTitle "BritBase"]
[Source "John Saunders"]
[SourceDate "2020.09.07"]
[SourceVersion "1"]
[SourceVersionDate "2020.09.07"]
[SourceQuality "2"]

1. Nf3 Nf6 2. c4 c5 3. g3 g6 4. b3 Bg7 5. Bb2 O-O 6. Bg2 Nc6 7. O-O d6 8. e3
Bg4 9. h3 Bd7 10. Nc3 Qa5 11. d3 a6 12. d4 Rab8 13. dxc5 Qxc5 14. Nd4 Qh5 15.
Qxh5 Nxh5 16. Nd5 Rfe8 17. g4 Nxd4 18. Bxd4 Bxd4 19. exd4 Ng7 20. Rfe1 Ne6 21.
Nb6 Rbd8 22. Rad1 Nf4 23. Bxb7 Nxh3+ 24. Kg2 Bxg4 25. f3 Bf5 26. Bc6 Nf4+ 27.
Kh2 Kg7 28. Bxe8 Rxe8 29. Nd5 Nxd5 30. cxd5 Kf6 31. Rc1 Kg5 32. Kg3 h5 33. f4+
Kf6 34. Rc6 a5 35. Rxd6+ exd6 36. Rxe8 Bb1 37. a3 Ba2 38. Re3 Kf5 39. b4 axb4
40. axb4 Bxd5 41. b5 h4+ 42. Kxh4 Kxf4 43. Re7 g5+ 44. Kh5 Bf3+ 45. Kh6 g4 46.
b6 g3 47. b7 Bxb7 48. Rxf7+ Ke3 49. Rxb7 Kxd4 50. Rg7 Ke4 51. Rxg3 d5 52. Kg5
d4 53. Rg4+ Ke3 54. Rg3+ Ke4 55. Rg4+ Ke3 56. Kf5 d3 57. Rg3+ Ke2 58. Ke4 d2
59. Rg2+ Ke1 60. Ke3 d1=N+ 61. Kf3 1/2-1/2

[Event "GLC Masters"]
[Site "London"]
[Date "1986.03.14"]
[Round "4"]
[White "Gallagher, Joseph G"]
[Black "Le Blancq, Simon Charles"]
[Result "1-0"]
[WhiteElo "2325"]
[BlackElo "2410"]
[PlyCount "157"]
[EventDate "1986.03.11"]
[EventType "tourn"]
[EventRounds "15"]
[EventCountry "ENG"]
[EventCategory "3"]
[SourceTitle "BritBase"]
[Source "John Saunders"]
[SourceDate "2020.09.07"]
[SourceVersion "1"]
[SourceVersionDate "2020.09.07"]
[SourceQuality "2"]

1. e4 c5 2. Nf3 d6 3. d4 cxd4 4. Nxd4 Nf6 5. Nc3 g6 6. Be3 Bg7 7. f3 O-O 8. Qd2
Nc6 9. Bc4 Bd7 10. O-O-O Rc8 11. Bb3 Ne5 12. h4 h5 13. Bg5 Rc5 14. f4 Nc4 15.
Qd3 b5 16. e5 dxe5 17. Bxf6 Bxf6 18. Ndxb5 Qa5 19. Qxd7 exf4 20. Bxc4 Rxc4 21.
Nd4 Rxc3 22. bxc3 Qxc3 23. Nb3 Qb2+ 24. Kd2 Qc3+ 25. Kc1 Qb2+ 26. Kd2 Qc3+ 27.
Ke2 Qxc2+ 28. Rd2 Qe4+ 29. Kf2 Qe3+ 30. Kf1 f3 31. Qd3 fxg2+ 32. Kxg2 Qf4 33.
Rf2 Qb4 34. Qd2 Qg4+ 35. Kf1 Qe4 36. Kg1 Qg4+ 37. Kf1 Qe4 38. Kg1 Qg4+ 39. Rg2
Qe4 40. Qe2 Qf5 41. Rf2 Qd7 42. Qe4 Rc8 43. Rd2 Qb5 44. Rc2 Rd8 45. Kg2 Rd3 46.
Rh3 Rxh3 47. Kxh3 Qf1+ 48. Kh2 Kg7 49. Nd4 Qd1 50. Nf3 Qd6+ 51. Kg2 Qd7 52. Rd2
Qc7 53. Rf2 Qc5 54. Re2 Qb5 55. Rd2 Qa5 56. Rc2 Qb5 57. Re2 Qc5 58. Ne5 Qb5 59.
a4 Qb3 60. Nc6 a6 61. Ne5 Qd1 62. Qc4 Bxe5 63. Rxe5 e6 64. Re4 Qd2+ 65. Re2 Qd6
66. Rf2 Kg8 67. Qc8+ Kg7 68. Qc3+ Kg8 69. Rd2 Qe7 70. Rb2 Qd6 71. Rd2 Qe7 72.
Qd4 Kh7 73. Qd7 Qf8 74. Rf2 Kg8 75. Kg1 Kg7 76. Qd4+ Kh7 77. Qf6 Kg8 78. Kf1
Qe8 79. Rd2 1-0

[Event "GLC Masters"]
[Site "London"]
[Date "1986.03.14"]
[Round "4"]
[White "Jacobs, Byron A"]
[Black "Mannion, Stephen R"]
[Result "1-0"]
[WhiteElo "2295"]
[BlackElo "2260"]
[PlyCount "79"]
[EventDate "1986.03.11"]
[EventType "tourn"]
[EventRounds "15"]
[EventCountry "ENG"]
[EventCategory "3"]
[SourceTitle "BritBase"]
[Source "John Saunders"]
[SourceDate "2020.09.07"]
[SourceVersion "1"]
[SourceVersionDate "2020.09.07"]
[SourceQuality "2"]

1. Nf3 d5 2. d4 Bf5 3. c4 e6 4. Nc3 Nc6 5. Qa4 Qd7 6. c5 e5 7. e3 exd4 8. exd4
Be7 9. Bb5 Bf6 10. O-O Nge7 11. Bf4 O-O 12. Be5 Bg4 13. Bxf6 Bxf3 14. Be5 Bh5
15. Rfe1 Rfe8 16. Qb3 f6 17. Bg3 Bf7 18. Ne2 Nf5 19. Qf3 Re4 20. Rad1 Rae8 21.
Kf1 Qe6 22. Qc3 Nfxd4 23. Nxd4 Rxe1+ 24. Rxe1 Qxe1+ 25. Qxe1 Rxe1+ 26. Kxe1
Nxd4 27. Bd7 Be6 28. Ba4 c6 29. Kd2 Bd7 30. Bb8 a6 31. Kc3 Ne6 32. Kb4 Kf7 33.
Bc2 g6 34. Ka5 Nxc5 35. Kb6 Ne6 36. Kxb7 c5 37. Kxa6 c4 38. Kb6 d4 39. a3 d3
40. Bd1 {time} 1-0

[Event "GLC Masters"]
[Site "London"]
[Date "1986.03.14"]
[Round "4"]
[White "McDonald, Neil R"]
[Black "Nicholson, John G"]
[Result "1-0"]
[WhiteElo "2320"]
[BlackElo "2320"]
[PlyCount "63"]
[EventDate "1986.03.11"]
[EventType "tourn"]
[EventRounds "15"]
[EventCountry "ENG"]
[EventCategory "3"]
[SourceTitle "BritBase"]
[Source "John Saunders"]
[SourceDate "2020.09.07"]
[SourceVersion "1"]
[SourceVersionDate "2020.09.07"]
[SourceQuality "2"]

1. Nf3 c5 2. g3 b6 3. Bg2 Bb7 4. O-O Nf6 5. b3 e6 6. Bb2 Be7 7. c4 O-O 8. d3 d5
9. e3 Nc6 10. Qe2 dxc4 11. bxc4 Qc7 12. Nc3 a6 13. Ne1 Na7 14. a4 Bxg2 15. Nxg2
Rab8 16. f4 b5 17. axb5 axb5 18. f5 bxc4 19. dxc4 Rb6 20. Ra2 Qb8 21. Nf4 Rd8
22. Ba1 Qb7 23. g4 Bf8 24. g5 Ne8 25. fxe6 fxe6 26. Qf2 Nc7 27. Nh5 Na6 28. Rd2
Rbd6 29. Rxd6 Bxd6 30. Ne4 Bf8 31. Nhf6+ gxf6 32. Qxf6 1-0

[Event "GLC Masters"]
[Site "London"]
[Date "1986.03.14"]
[Round "4"]
[White "Needham, Teresa"]
[Black "Condie, Mark L"]
[Result "1/2-1/2"]
[WhiteElo "2120"]
[BlackElo "2425"]
[PlyCount "129"]
[EventDate "1986.03.11"]
[EventType "tourn"]
[EventRounds "15"]
[EventCountry "ENG"]
[EventCategory "3"]
[SourceTitle "BritBase"]
[Source "John Saunders"]
[SourceDate "2020.09.07"]
[SourceVersion "1"]
[SourceVersionDate "2020.09.07"]
[SourceQuality "2"]

1. e4 e5 2. Nf3 Nf6 3. Nxe5 d6 4. Nf3 Nxe4 5. d4 d5 6. Bd3 Nc6 7. O-O Bg4 8. c3
Be7 9. Re1 f5 10. Qb3 O-O 11. Nbd2 Kh8 12. Qxb7 Rf6 13. Qb3 Bd6 14. h3 Rb8 15.
Qa4 Nxd2 16. Nxd2 Bxh3 17. gxh3 Rg6+ 18. Kf1 Qg5 19. Ke2 Qh5+ 20. Nf3 Ne7 21.
b3 Rg2 22. Be3 Ng6 23. Rg1 Nh4 24. Rxg2 Qxf3+ 25. Kd2 Qxg2 26. Bf1 Qe4 27. Bd3
Qg2 28. Bf1 Qh2 29. Kc2 f4 30. Bd2 Qxf2 31. Re1 Rf8 32. Bd3 Ng2 33. Re2 Qf3 34.
Qd7 Ne3+ 35. Bxe3 fxe3 36. Qe6 Bf4 37. Qe7 Kg8 38. Qe6+ Kh8 39. Qe7 Bh6 40.
Qxc7 Qxh3 41. Qxa7 Qh1 42. b4 Qa1 43. Qa5 g6 44. Qxd5 Rf1 45. Kb3 Qd1+ 46. Kc4
Rf8 47. Qd7 Bf4 48. Rc2 Kg8 49. b5 Rf7 50. Qe8+ Kg7 51. b6 Qh1 52. a4 Rf8 53.
Qd7+ Rf7 54. Qd5 Qa1 55. Qb5 Rf8 56. b7 Bb8 57. Re2 Rf7 58. Kb3 Qh1 59. d5 Qc1
60. a5 Be5 61. Rc2 Qb1+ 62. Rb2 Qc1 63. Rc2 Qb1+ 64. Rb2 Qc1 65. Rc2 1/2-1/2

[Event "GLC Masters"]
[Site "London"]
[Date "1986.03.15"]
[Round "5"]
[White "Carlier, Bruno"]
[Black "Carton, Patrick"]
[Result "1/2-1/2"]
[WhiteElo "2315"]
[BlackElo "2295"]
[PlyCount "72"]
[EventDate "1986.03.11"]
[EventType "tourn"]
[EventRounds "15"]
[EventCountry "ENG"]
[EventCategory "3"]
[SourceTitle "BritBase"]
[Source "John Saunders"]
[SourceDate "2020.09.07"]
[SourceVersion "1"]
[SourceVersionDate "2020.09.07"]
[SourceQuality "2"]

1. e4 e6 2. d4 d5 3. Nc3 Bb4 4. e5 c5 5. a3 Bxc3+ 6. bxc3 Ne7 7. Qg4 Qc7 8.
Qxg7 Rg8 9. Qxh7 cxd4 10. Ne2 Nbc6 11. f4 Bd7 12. Qd3 dxc3 13. Qxc3 O-O-O 14.
Ng3 d4 15. Qc5 b6 16. Qc4 f6 17. exf6 Nd5 18. Ne4 Rg6 19. g3 Nxf6 20. Bg2 Ng4
21. Nf2 Nxf2 22. Kxf2 e5 23. Rf1 Rh8 24. Kg1 Rgh6 25. fxe5 Rxh2 26. Bf4 Rxg2+
27. Kxg2 Bh3+ 28. Kf2 Bxf1 29. Rxf1 Kb7 30. Ke1 Qe7 31. Qd5 Rd8 32. Qf3 Qc5 33.
Kd2 Qa5+ 34. Ke2 Qc5 35. Kd2 Qa5+ 36. Ke2 Qc5 1/2-1/2

[Event "GLC Masters"]
[Site "London"]
[Date "1986.03.15"]
[Round "5"]
[White "Condie, Mark L"]
[Black "Arkell, Keith C"]
[Result "1/2-1/2"]
[WhiteElo "2425"]
[BlackElo "2375"]
[PlyCount "54"]
[EventDate "1986.03.11"]
[EventType "tourn"]
[EventRounds "15"]
[EventCountry "ENG"]
[EventCategory "3"]
[SourceTitle "BritBase"]
[Source "John Saunders"]
[SourceDate "2020.09.07"]
[SourceVersion "1"]
[SourceVersionDate "2020.09.07"]
[SourceQuality "2"]

1. Nf3 g6 2. d4 Bg7 3. c4 Nf6 4. Nc3 O-O 5. e3 d6 6. Be2 c6 7. O-O a6 8. b4
Nbd7 9. a4 e5 10. Ba3 Re8 11. b5 e4 12. Nd2 c5 13. Nb3 Qe7 14. a5 h5 15. Na4
Ng4 16. h3 axb5 17. cxb5 cxd4 18. Nxd4 Nge5 19. Qc2 Nd3 20. Bxd3 exd3 21. Qxd3
Rxa5 22. Nc3 Nc5 23. Qc4 Qg5 24. Nf3 Qf5 25. Nd4 Qg5 26. Nf3 Qf5 27. Nd4 Qg5
1/2-1/2

[Event "GLC Masters"]
[Site "London"]
[Date "1986.03.15"]
[Round "5"]
[White "Lalic, Susan Kathryn"]
[Black "Orr, Mark JL"]
[Result "0-1"]
[WhiteElo "2220"]
[BlackElo "2330"]
[PlyCount "70"]
[EventDate "1986.03.11"]
[EventType "tourn"]
[EventRounds "15"]
[EventCountry "ENG"]
[EventCategory "3"]
[SourceTitle "BritBase"]
[Source "John Saunders"]
[SourceDate "2020.09.07"]
[SourceVersion "1"]
[SourceVersionDate "2020.09.07"]
[SourceQuality "2"]

1. e4 c6 2. d4 d5 3. Nd2 dxe4 4. Nxe4 Nd7 5. Nf3 Ngf6 6. Nxf6+ Nxf6 7. Ne5 Bf5
8. c3 Bg6 9. Bc4 e6 10. Nxg6 hxg6 11. Bf4 Bd6 12. Qf3 Bxf4 13. Qxf4 Nd5 14. Qe5
Qf6 15. Bxd5 Qxe5+ 16. dxe5 cxd5 17. f4 Ke7 18. Kd2 Rh4 19. Raf1 g5 20. g3 Rh5
21. Ke3 Rah8 22. Rf2 gxf4+ 23. gxf4 g5 24. f5 Rh3+ 25. Kd2 exf5 26. Rxf5 Rxh2+
27. Rxh2 Rxh2+ 28. Ke3 Rxb2 29. a4 Ra2 30. Kd4 Rxa4+ 31. Kxd5 g4 32. c4 Ra6 33.
c5 g3 34. Rf1 g2 35. Rb1 Ke8 0-1

[Event "GLC Masters"]
[Site "London"]
[Date "1986.03.15"]
[Round "5"]
[White "Levitt, Jonathan"]
[Black "Gallagher, Joseph G"]
[Result "1-0"]
[WhiteElo "2395"]
[BlackElo "2325"]
[PlyCount "80"]
[EventDate "1986.03.11"]
[EventType "tourn"]
[EventRounds "15"]
[EventCountry "ENG"]
[EventCategory "3"]
[SourceTitle "BritBase"]
[Source "John Saunders"]
[SourceDate "2020.09.07"]
[SourceVersion "1"]
[SourceVersionDate "2020.09.07"]
[SourceQuality "2"]

1. d4 Nf6 2. c4 g6 3. Nc3 Bg7 4. e4 O-O 5. Be3 d6 6. f3 Nbd7 7. Qd2 c6 8. O-O-O
a6 9. e5 Ne8 10. f4 b5 11. c5 Qa5 12. Kb1 b4 13. Ne4 Rb8 14. Nf3 f5 15. Neg5
Nc7 16. Qf2 h6 17. Nh3 Ne6 18. Qg3 dxe5 19. fxe5 Rf7 20. Qxg6 f4 21. Bc1 b3 22.
a3 Nxd4 23. Nxd4 Nxe5 24. Qe4 Qa4 25. Nf2 Rb4 26. Be2 Bf5 27. Qxf5 Rxf5 28.
Nxf5 Re4 29. Rd8+ Kf7 30. Bh5+ Ng6 31. Nh4 Re6 32. Rhd1 Qc4 33. Nd3 f3 34. Nf4
Qc2+ 35. Ka1 Qxc5 36. Kb1 Qc2+ 37. Ka1 Qc5 38. Rf8+ Bxf8 39. Nhxg6 Re4 40. gxf3
Ra4 1-0

[Event "GLC Masters"]
[Site "London"]
[Date "1986.03.15"]
[Round "5"]
[White "Mannion, Stephen R"]
[Black "Crawley, Gavin"]
[Result "1/2-1/2"]
[WhiteElo "2260"]
[BlackElo "2335"]
[PlyCount "94"]
[EventDate "1986.03.11"]
[EventType "tourn"]
[EventRounds "15"]
[EventCountry "ENG"]
[EventCategory "3"]
[SourceTitle "BritBase"]
[Source "John Saunders"]
[SourceDate "2020.09.07"]
[SourceVersion "1"]
[SourceVersionDate "2020.09.07"]
[SourceQuality "2"]

1. d4 Nf6 2. Nf3 e6 3. Bf4 c5 4. c3 Nc6 5. e3 Be7 6. h3 d5 7. Nbd2 O-O 8. Bd3
Bd6 9. Ne5 Qc7 10. Ndf3 h6 11. O-O Nd7 12. Nxd7 Bxd7 13. Bxd6 Qxd6 14. e4 cxd4
15. cxd4 dxe4 16. Bxe4 Rfd8 17. Qd2 Rac8 18. Rad1 Nb4 19. a3 Bc6 20. Rfe1 Bxe4
21. Rxe4 Nc6 22. Re3 Rc7 23. Rd3 Rcd7 24. Qe3 Qd5 25. b4 Qb5 26. R3d2 Rd5 27.
Rc1 a6 28. Rc5 Qb6 29. Qc3 Ne7 30. Ne5 Qd6 31. Nc4 Qf4 32. Qe3 Qf6 33. Rxd5
Nxd5 34. Qe5 Qg6 35. Ne3 Qb1+ 36. Kh2 Nxe3 37. fxe3 Rc8 38. d5 Rc1 39. dxe6
Rh1+ 40. Kg3 Qg6+ 41. Kf2 fxe6 42. Rd6 Qb1 43. Rxe6 Qe1+ 44. Kf3 Rf1+ 45. Kg4
Qe2+ 46. Kg3 Qf2+ 47. Kh2 Qg1+ 1/2-1/2

[Event "GLC Masters"]
[Site "London"]
[Date "1986.03.15"]
[Round "5"]
[White "Nicholson, John G"]
[Black "Jacobs, Byron A"]
[Result "1/2-1/2"]
[WhiteElo "2320"]
[BlackElo "2295"]
[PlyCount "69"]
[EventDate "1986.03.11"]
[EventType "tourn"]
[EventRounds "15"]
[EventCountry "ENG"]
[EventCategory "3"]
[SourceTitle "BritBase"]
[Source "John Saunders"]
[SourceDate "2020.09.07"]
[SourceVersion "1"]
[SourceVersionDate "2020.09.07"]
[SourceQuality "2"]

1. Nf3 Nf6 2. d4 c5 3. d5 g6 4. Nc3 Bg7 5. e4 O-O 6. h3 d6 7. a4 Na6 8. Be2 Nc7
9. Bf4 b6 10. O-O Bb7 11. Re1 a6 12. Bf1 Qd7 13. Qd2 b5 14. Bh6 b4 15. Nd1 e6
16. Bxg7 Kxg7 17. dxe6 Nxe6 18. Bd3 Qc7 19. c4 Rae8 20. b3 Kg8 21. Qh6 Nd4 22.
Ne3 Nxf3+ 23. gxf3 Bc8 24. f4 Qd8 25. f3 Nh5 26. Nd5 Qh4 27. Qg5 Qxh3 28. Kf2
f6 29. Qh6 Be6 30. Rh1 Qg3+ 31. Ke3 Bg4 32. Raf1 f5 33. Rhg1 Qh3 34. Rh1 Qg3
35. Rhg1 1/2-1/2

[Event "GLC Masters"]
[Site "London"]
[Date "1986.03.17"]
[Round "6"]
[White "Arkell, Keith C"]
[Black "Le Blancq, Simon Charles"]
[Result "1/2-1/2"]
[WhiteElo "2375"]
[BlackElo "2410"]
[PlyCount "107"]
[EventDate "1986.03.11"]
[EventType "tourn"]
[EventRounds "15"]
[EventCountry "ENG"]
[EventCategory "3"]
[SourceTitle "BritBase"]
[Source "John Saunders"]
[SourceDate "2020.09.07"]
[SourceVersion "1"]
[SourceVersionDate "2020.09.07"]
[SourceQuality "2"]

1. c4 e5 2. Nc3 Nc6 3. Nf3 g6 4. d4 exd4 5. Nxd4 Bg7 6. Nxc6 bxc6 7. Be3 Ne7 8.
Bd4 Bxd4 9. Qxd4 O-O 10. Ne4 Nf5 11. Qc3 f6 12. g4 Qe7 13. Ng3 Nxg3 14. hxg3
Rb8 15. O-O-O Qe5 16. Rd3 d6 17. Re3 Qxc3+ 18. bxc3 Bxg4 19. Re7 h5 20. f3 Bc8
21. Rxc7 Bb7 22. g4 Rf7 23. Rxf7 Kxf7 24. gxh5 g5 25. c5 d5 26. e3 Bc8 27. Bd3
Be6 28. Kc2 f5 29. Ba6 Kg7 30. h6+ Kg6 31. Kd3 Rh8 32. Kd4 Rxh6 33. Rxh6+ Kxh6
34. Ke5 Bd7 35. Kd6 Be8 36. Bc8 Bh5 37. Kxc6 Bxf3 38. Kd6 g4 39. Bxf5 g3 40.
Bh3 g2 41. Bxg2 Bxg2 42. c6 Kg5 43. c7 Bh3 44. Ke7 Kh4 45. Kd6 Kg5 46. Ke7 Kh4
47. Kf6 Kg3 48. Ke5 Kf3 49. Kd4 Ke2 50. a4 Kd2 51. a5 Bg4 52. Kxd5 Kxe3 53. Kc6
Bc8 54. Kd6 1/2-1/2

[Event "GLC Masters"]
[Site "London"]
[Date "1986.03.17"]
[Round "6"]
[White "Carton, Patrick"]
[Black "Condie, Mark L"]
[Result "1-0"]
[WhiteElo "2295"]
[BlackElo "2425"]
[PlyCount "65"]
[EventDate "1986.03.11"]
[EventType "tourn"]
[EventRounds "15"]
[EventCountry "ENG"]
[EventCategory "3"]
[SourceTitle "BritBase"]
[Source "John Saunders"]
[SourceDate "2020.09.07"]
[SourceVersion "1"]
[SourceVersionDate "2020.09.07"]
[SourceQuality "2"]

1. e4 e5 2. Nf3 d6 3. d4 exd4 4. Nxd4 Nf6 5. Nc3 Be7 6. Bc4 O-O 7. O-O a6 8. a4
c5 9. Nde2 Nc6 10. Nf4 Nb4 11. Ncd5 Nbxd5 12. Nxd5 Be6 13. Nxf6+ Bxf6 14. Bd5
Qe7 15. c3 Rfe8 16. f3 Be5 17. Be3 Kh8 18. Qb3 Bxd5 19. Qxd5 f5 20. f4 Bf6 21.
e5 dxe5 22. Bxc5 Qc7 23. Bd6 Qd7 24. Rad1 Rad8 25. Rfe1 exf4 26. Rxe8+ Qxe8 27.
c4 Qxa4 28. c5 Bxb2 29. Rb1 Qd4+ 30. Qxd4 Bxd4+ 31. Kf1 Rd7 32. c6 Rd8 33. c7
1-0

[Event "GLC Masters"]
[Site "London"]
[Date "1986.03.17"]
[Round "6"]
[White "Gallagher, Joseph G"]
[Black "Mannion, Stephen R"]
[Result "1-0"]
[WhiteElo "2325"]
[BlackElo "2260"]
[PlyCount "77"]
[EventDate "1986.03.11"]
[EventType "tourn"]
[EventRounds "15"]
[EventCountry "ENG"]
[EventCategory "3"]
[SourceTitle "BritBase"]
[Source "John Saunders"]
[SourceDate "2020.09.07"]
[SourceVersion "1"]
[SourceVersionDate "2020.09.07"]
[SourceQuality "2"]

1. e4 e5 2. f4 d5 3. exd5 exf4 4. Nf3 Nf6 5. Bc4 Nxd5 6. O-O Be6 7. Bb3 Be7 8.
c4 Nf6 9. d4 Bg4 10. Bxf4 O-O 11. Kh1 Nc6 12. d5 Na5 13. Nc3 Bd6 14. Bg5 h6 15.
Bh4 g5 16. Bf2 b6 17. Bd4 Nxb3 18. Qxb3 Nh5 19. Ne5 Bxe5 20. Bxe5 f6 21. Bd4
Qd7 22. Qc2 Nf4 23. Be3 Bf5 24. Qf2 Bd3 25. Rfd1 Qf5 26. Bxf4 gxf4 27. Qd4 Bc2
28. Rf1 Rae8 29. Rxf4 Qd3 30. Qf2 Qe3 31. Qh4 Kg7 32. Rf3 Qd2 33. Raf1 Bd3 34.
Qg3+ Bg6 35. R3f2 Qd4 36. Ne2 Qxc4 37. Nf4 Qe4 38. Nh5+ Kh8 39. Nxf6 1-0

[Event "GLC Masters"]
[Site "London"]
[Date "1986.03.17"]
[Round "6"]
[White "Jacobs, Byron A"]
[Black "Crawley, Gavin"]
[Result "1/2-1/2"]
[WhiteElo "2295"]
[BlackElo "2335"]
[PlyCount "157"]
[EventDate "1986.03.11"]
[EventType "tourn"]
[EventRounds "15"]
[EventCountry "ENG"]
[EventCategory "3"]
[SourceTitle "BritBase"]
[Source "John Saunders"]
[SourceDate "2020.09.07"]
[SourceVersion "1"]
[SourceVersionDate "2020.09.07"]
[SourceQuality "2"]

1. e4 e5 2. Nf3 Nf6 3. Nxe5 d6 4. Nf3 Nxe4 5. d4 d5 6. Bd3 Nc6 7. O-O Be7 8. c4
Nf6 9. Nc3 O-O 10. cxd5 Nxd5 11. Be4 Nf6 12. Bxc6 bxc6 13. Bg5 Qd6 14. Qd3 Rd8
15. Rfe1 h6 16. Bh4 Be6 17. Bxf6 Bxf6 18. Ne4 Qf4 19. Nxf6+ Qxf6 20. Qc3 Bd5
21. Ne5 Rd6 22. Re3 Rad8 23. b3 Qg5 24. Rg3 Qf5 25. Re1 Be4 26. d5 Rf6 27. Ng4
Rg6 28. Ne3 Qd7 29. Rxg6 fxg6 30. Qxc6 Qxc6 31. dxc6 Bxc6 32. Rc1 Rd6 33. f3
Re6 34. Kf2 Kf7 35. Rc5 a6 36. Nc2 Rd6 37. Nb4 Bb5 38. Rxc7+ Kf6 39. a4 Bd7 40.
Ra7 Be6 41. Rxa6 Rd2+ 42. Kg3 Kf7 43. Nc6 Bxb3 44. Ne5+ Kg8 45. Nxg6 Bc4 46.
Ra8+ Kh7 47. Nf8+ Kg8 48. Nd7+ Kh7 49. Ra7 Bf1 50. Nf6+ Kg6 51. Ne8 Rxg2+ 52.
Kf4 Kh7 53. Nf6+ Kg6 54. Ne8 Kh7 55. h4 h5 56. Ra5 Kh6 57. Nd6 Kg6 58. Nf5 Rh2
59. Rd5 Ra2 60. Rd6+ Kf7 61. Rd7+ Kf6 62. Nxg7 Rxa4+ 63. Kg3 Ra5 64. Ne8+ Ke6
65. Rh7 Be2 66. Rh6+ Kf7 67. Nd6+ Kg7 68. Re6 Bd3 69. Kf4 Ra1 70. Re3 Bg6 71.
Kg3 Rg1+ 72. Kh2 Rd1 73. Nb5 Kf6 74. Nc3 Ra1 75. Nd5+ Kf5 76. f4 Bf7 77. Re5+
Kg4 78. Rg5+ Kf3 79. Rg3+ 1/2-1/2